00796 2200265 4500001002100000005001500021035002000036007000300056008004100059020002200100082001300122084001900135100002600154245013600180250001000316260003100326300003500357504003000392600003500422500001400457700001700471700001800488990001200506990001200518INLIS00000000001754420241112101511 a0010-1124000009ta241112 g 0 ind  a978-979-1373-96-8 aR.551.42 aR.551.42 IND e0 aINDRA, Ambalika Syari1 aEkosistem Terumbu Karang di Pulau-Pulau Kecil Provinsi Kepulauan Bangka Belitung /cIndra Ambalika Syari, Zandi Utama, Nugroho Budi acet.1 aBangka :bUBB Press,c2024 axx, 189 hal. :bilus. ;c21 cm aBibliografi : hal.186-187 4aTERUMBU KARANG DAN PULAU KORAL aGlosarium0 aZANDI, Utama0 aNUGROHO, Budi a12356 a a12356 a